000 00685nam a2200265Ia 4500
008 170203s9999 xx 000 0 und d
020 _a9781416951032
050 _aFic
050 _bK26n
100 _aKeene, Carolyn.
245 _aMardi Gras masqurede /
245 _cCarolyn Keene.
260 _aNew York :
260 _bAladdin Paperbacks,
260 _c2007
300 _a146 pages ;
300 _c20 cm.
440 _aNancy Drew girl detective,
440 _v#28.
650 _aCarnival --
650 _aDetective and mystery stories.
650 _aDrew, Nancy (Fictitious character) --
650 _xJuvenile fiction.
650 _xJuvenile fiction.
999 _c306568
_d306568